Svatvečer před zítřkem kritika člověka Björnsonova

Bibliographic Details
Main Author: Tučný, František, 1887-1962 (Author)
Format: Book
Language:Czech
PhysicalDescription:159 s. 8°
Published: Praha [s.n.] 1911

MARC

LEADER 00000nam a2200000 a 4500
001 vtls001333822
003 SK-MaSNL
005 20260301065943.0
008 240314s1911 xr 0 cze
035 |a SNK000286747 
040 |a SNK  |b slo  |c SNK  |e AACR2 
041 0 |a cze 
044 |a xr  |c CZ 
100 1 |a Tučný, František,  |d 1887-1962  |4 aut  |9 133882 
245 1 0 |a Svatvečer před zítřkem  |b kritika člověka Björnsonova  |c František Tučny 
260 |a Praha  |b [s.n.]  |c 1911 
300 |a 159 s.  |c 8° 
958 |a ONDV 
999 |c 632584  |d 634514 
952 |t P60, <04>, [BOOK], {604}  |a SNK  |b SNK  |y VYP  |7 0  |o snkID 56592  |i snkK 519/72  |0 0  |1 0  |4 0  |d 1998-06-10  |l 0  |r 2005-01-02 00:00:00  |w 2026-02-23